Two Degrees of Separation - Hungary Quiz Stats

 Plays Quiz Updated May 15, 2019

Score 0/14 Timer 02:00
3 Plays Today
Answer % Correct
Germany
95.9%
Italy
90.6%
Poland
90.3%
Switzerland
86.8%
Russia
84.8%
Bulgaria
81.4%
Czechia
76.5%
Answer % Correct
Belarus
75.8%
Bosnia and Herzegovina
72.9%
Kosovo
72.4%
Moldova
72.4%
Liechtenstein
71.6%
North Macedonia
70.5%
Montenegro
69.4%

You're not logged in!

Compare scores with friends on all Sporcle quizzes.
OR
Log In

Show Comments

Extras

Top Quizzes Today


Score Distribution

Your Account Isn't Verified!

In order to create a playlist on Sporcle, you need to verify the email address you used during registration. Go to your Sporcle Settings to finish the process.

Report this User

Report this user for behavior that violates our Community Guidelines.

Details: